000 01206cam a2200349 a 4500
999 _c330529
_d330529
001 12661216
003 NUST
005 20170719105309.0
008 990803s1999 pk 001 0durdo
010 _a 99921974
020 _a9693508270
025 _aP-U-99921974; 06
035 _a(DLC) 99921974
040 _aDLC
_cDLC
_dDLC
042 _alcode
043 _aa-pk---
_a-ii---
050 0 0 _aDS377
_b.A585 1999
082 _a910.4
_bABI
100 1 _aʻĀbidī, Raz̤ā ʻAlī,
_d1936-
_93428
245 1 0 _aRel kahānī /
_cRaz̤ā ʻAlī̄ ʻĀbidī.
260 _aLāhore :
_bSang-i Mīl Pablīkeshanz,
_c1999.
300 _a228 p. ;
_c22 cm.
500 _aTravelogue
504 _aIncludes index.
520 _aAuthor's travel impressions of his train journey from Quetta, Pakistan to Calcutta, India.
546 _aIn Urdu.
600 1 0 _aʻĀbidī, Raz̤ā ʻAlī,
_d1936-
_xTravel
_zPakistan.
_93429
600 1 0 _aʻĀbidī, Raz̤ā ʻAlī,
_d1936-
_xTravel
_zIndia.
_93430
651 0 _aPakistan
_xDescription and travel.
_93431
651 0 _aIndia
_xDescription and travel.
_93320
880 _6100-01\(3\r
_aرضا علی عابدی
880 _6245-02\(3\r
_aریل کی کہانی
_cرضا علی عابدی
880 _6260-03\(3\r
_aلاہور:
_bسنگ میل پبلی کیشنز،
_c2005
906 _a7
_bcbc
_corigode
_d3
_encip
_f19
_gy-gencatlg
942 _2ddc
_cBK